000 00572nam a2200193 a 4500
001 5620
003 CO-ViMGA
008 141112s2004 ck r 000 u spa d
040 _aCO-ViMGA
_bspa
_cCO-ViMGA
082 0 4 _a658.407 W173
100 1 _aWareham, John
_94009
245 1 0 _aAnatomía de un gran ejecutivo :
_bde la máscara a la realidad conviertase usted mismo en un gran ejecutivo
260 _aBarcelona :
_bPaidós,
_c1993
300 _a305 p
490 _aEmpresa, 19
650 1 4 _aEJECUTIVOS - FORMACION
_94010
650 1 4 _aGERENTES
_94011
942 _2ddc
_cBK
999 _c17602
_d17602